| Tag |
First Indicator |
Second Indicator |
Subfields |
| LEADER |
00000cam a22000008a 4500 |
| 001 |
in00000075873 |
| 005 |
20151008054906.0 |
| 008 |
810826s1982 paua b 00110 eng |
| 010 |
|
|
|a 81014679
|
| 020 |
|
|
|a 0812278216
|
| 035 |
|
|
|a (OCoLC)07773127
|
| 035 |
|
|
|9 AAJ1977AM
|
| 039 |
0 |
|
|a 2
|b 3
|c 3
|d 3
|e 3
|
| 040 |
|
|
|a DLC
|c DLC
|d TXA
|d UtOrBLW
|
| 043 |
|
|
|a a-af---
|
| 049 |
|
|
|a TXAM
|c [1442396]
|
| 050 |
0 |
0 |
|a DS354
|b .A96
|
| 082 |
0 |
|
|a 958/.1
|2 19
|
| 100 |
1 |
|
|a Azoy, G. Whitney.
|
| 245 |
1 |
0 |
|a Buzkashi, game and power in Afghanistan /
|c G. Whitney Azoy.
|
| 263 |
|
|
|a 8201
|
| 264 |
|
1 |
|a Philadelphia :
|b University of Pennsylvania Press,
|c 1982.
|
| 300 |
|
|
|a xi, 147 pages :
|b illustrations ;
|c 24 cm.
|
| 336 |
|
|
|a text
|b txt
|2 rdacontent
|
| 337 |
|
|
|a unmediated
|b n
|2 rdamedia
|
| 338 |
|
|
|a volume
|b nc
|2 rdacarrier
|
| 490 |
1 |
|
|a Symbol and culture
|
| 504 |
|
|
|a Includes bibliographical references and index.
|
| 650 |
|
0 |
|a Buzkashi.
|
| 651 |
|
0 |
|a Afghanistan
|x Social life and customs.
|
| 830 |
|
0 |
|a Symbol and culture.
|
| 999 |
|
|
|a MARS
|
| 999 |
f |
f |
|s 01065f94-c6d1-3c6b-be83-70feefdbf448
|i b59e71aa-6248-38f9-8c41-aa0be214afe4
|t 0
|
| 952 |
f |
f |
|p ric
|a Texas A&M University
|b Rellis Campus
|c Joint Library Facility
|d Remote Storage
|t 0
|e DS354 .A96
|h Library of Congress classification
|i unmediated -- volume
|m A14806101241
|
| 998 |
f |
f |
|a DS354 .A96
|t 0
|l Remote Storage
|